| 000 | 00449nam a2200169Ia 4500 | ||
|---|---|---|---|
| 008 | 220216s9999 xx 000 0 und d | ||
| 100 | _aSatchuthananthavale R | ||
| 245 | 0 | _aPropagation of callus from Hevea anthers | |
| 260 |
_bRubber Research Institute of Ceylon Quarterly Journal _c1972 |
||
| 300 | _a65-68 | ||
| 650 | _aAnther | ||
| 650 | _aCallus | ||
| 650 | _aHevea | ||
| 650 | _aPropagation | ||
| 700 | _aIrugalbandra Z E | ||
| 942 | _cJS | ||
| 999 |
_c65951 _d65951 |
||